000 00719cam a22002053a 4500
001 40701
003 PGUSA
005 20140828083917.0
008 120907s2012||||xxu|||||s|||||000 | eng d
040 _aPGUSA
_beng
042 _adc
100 1 _aHibberd, Shirley
245 1 4 _aThe Book of the Aquarium and Water Cabinet ;
_bor, Practical Instructions on the Formation, Stocking, and Mangement, in all Seasons, of Collections of Fresh Water and Marine Life
_h[electronic resource] /
_cShirley Hibberd
260 _bProject Gutenberg,
_c2012
506 _aPublic domain in the USA.
516 _aElectronic text
830 0 _aProject Gutenberg
_v40701
856 4 0 _uhttp://www.gutenberg.org/ebooks/40701
942 _cEB
999 _c269953
_d269953